Analyzing the project management techniques used on rawalpinidi metro bus project in terms of cost and scheduling and preparing 3D model of metro bus station (Record no. 553736)
[ view plain ]
| 000 -LEADER | |
|---|---|
| fixed length control field | 00536nam a22001577a 4500 |
| 082 ## - DEWEY DECIMAL CLASSIFICATION NUMBER | |
| Classification number | P727 |
| 100 ## - MAIN ENTRY--PERSONAL NAME | |
| Personal name | Arsalan Ahmed Malik |
| 9 (RLIN) | 51003 |
| 245 ## - TITLE STATEMENT | |
| Title | Analyzing the project management techniques used on rawalpinidi metro bus project in terms of cost and scheduling and preparing 3D model of metro bus station |
| 260 ## - PUBLICATION, DISTRIBUTION, ETC. | |
| Place of publication, distribution, etc. | Risalpur, |
| Name of publisher, distributor, etc. | MCE, |
| Date of publication, distribution, etc. | 2016. |
| 300 ## - PHYSICAL DESCRIPTION | |
| Extent | 119p. |
| 526 ## - STUDY PROGRAM INFORMATION NOTE | |
| Program name | 0 |
| Interest level | 0 |
| Reading level | 0 |
| Title point value | P_000000000000000_727 |
| 526 ## - STUDY PROGRAM INFORMATION NOTE | |
| Program name | 0 |
| Interest level | 0 |
| Reading level | 0 |
| Title point value | P_000000000000000_727 |
| 650 ## - SUBJECT ADDED ENTRY--TOPICAL TERM | |
| Topical term or geographic name entry element | Project |
| 700 ## - ADDED ENTRY--PERSONAL NAME | |
| Personal name | Lt Col Mughees Aslam |
| 942 ## - ADDED ENTRY ELEMENTS (KOHA) | |
| Source of classification or shelving scheme | |
| Koha item type | Book |
| Withdrawn status | Lost status | Source of classification or shelving scheme | Damaged status | Not for loan | Permanent Location | Current Location | Date acquired | Total Checkouts | Full call number | Barcode | Date last seen | Date last checked out | Price effective from | Koha item type |
|---|---|---|---|---|---|---|---|---|---|---|---|---|---|---|
| Military College of Engineering (MCE) | Military College of Engineering (MCE) | 09/08/2016 | 1 | P727 | MCE-P-727 | 12/12/2019 | 10/21/2019 | 03/14/2021 | Book | |||||
| Military College of Engineering (MCE) | Military College of Engineering (MCE) | 09/08/2016 | P727 | MCE-P-728 | 09/08/2016 | 03/14/2021 | Book |
